Osnovy programmirovanija na Assemblere dlja SM EVM

Gespeichert in:
Bibliographische Detailangaben
1. Verfasser: Vigdorčik, Gennadij Veniaminovič
Weitere Verfasser: Vorob'jev, Aleksandr Jur'jevič, Pračenko, Viktor Dmitrijevič
Format: Buch
Sprache:Russisch
Veröffentlicht: Moskva Finansy i statistika 1983
Tags: Tag hinzufügen
Keine Tags, Fügen Sie das erste Tag hinzu!

MARC

LEADER 00000nam a2200000 4500
001 c133143
005 20230307124737.8
041 0 |a rus 
044 |a RU 
245 1 0 |a Osnovy programmirovanija na Assemblere dlja SM EVM  |c Gennadij Veniaminovič Vigdorčik, Aleksandr Jur'jevič Vorob'jev, Viktor Dmitrijevič Pračenko 
264 1 |a Moskva  |b Finansy i statistika  |c 1983 
300 |a 255 s. 
100 1 |a Vigdorčik, Gennadij Veniaminovič 
700 1 |a Vorob'jev, Aleksandr Jur'jevič 
700 1 |a Pračenko, Viktor Dmitrijevič